| 000 | 00528nam a2200205 4500 | ||
|---|---|---|---|
| 003 | LK-CoMWRAF | ||
| 005 | 20230906220349.0 | ||
| 008 | 230906b |||||||| |||| 00| 0 eng d | ||
| 020 | _a8176870242 | ||
| 040 |
_aLK-CoMWRAF _dLK-CoMWRAF _eLK-CoMWRAF |
||
| 041 | _aeng | ||
| 082 |
_a823 _bNAR |
||
| 100 | _aNari, Abrar | ||
| 110 | _aWarrier, Rundra Prasad | ||
| 245 | _aPied piper of hamelin | ||
| 260 |
_aIndia : _b2M publishing international |
||
| 650 | _aChildren story | ||
| 700 |
_aMaclure, Harry _eills. |
||
| 942 | _cBK | ||
| 999 |
_c3441 _d3441 |
||